Statistics for How I Met Your Mother Ultimate Quiz

Click here to take the quiz!

General Stats

  • This quiz has been taken 875 times
  • The average score is 10 of 15

Answer Stats

HintAnswer% Correct
haaaaaaaave you metTed
99%
Time to suitup
98%
Legend-wait for it-dary
97%
ChallengeAccepted
93%
What did Ted steal for Robin?Blue french horn
91%
LemonLaw
85%
Hot-crazyscale
82%
What's the mothers name?Tracy
78%
Come again forBig Fudge
62%
What is the name of Lily and Marshall's second child?Daisy
54%
You just gotSlapped
46%
What is Blah-Blah's real name?Carol
27%
De wait for itnied
27%
Who sung the slap song in the final series?Boyz 2 men
21%
What does 'Please' stand for?Provide Legal exculpation and sign everything
16%

Score Distribution

Percentile by Number Answered

Percent of People with Each Score

Your Score History

You have not taken this quiz